Vplyv kultivačného média na faktory patogenity a virulencie u Shigella flexneri 2a : Obh. 25.5.1998 /

Salvato in:
Dettagli Bibliografici
Autore principale: Brtková, Andrea (Autore)
Natura: Manoscritto Libro
Lingua:slovacco
Pubblicazione: Bratislava : STU v Bratislave ChtF, 1998
Tags: Aggiungi Tag
Nessun Tag, puoi essere il primo ad aggiungerne!!

MARC

LEADER 00000ntm a22000003a 4500
001 stu33786
005 20150617225733.7
008 980910s1998----xo------------------slo-d
040 |a STU  |b slo 
041 0 |a slo 
044 |a xo 
100 1 |a Brtková, Andrea  |4 aut 
245 1 |a Vplyv kultivačného média na faktory patogenity a virulencie u Shigella flexneri 2a :  |b Obh. 25.5.1998 /  |c [aut.]Brtková,Andrea 
260 |a Bratislava :  |b STU v Bratislave ChtF,  |c 1998 
300 |a 71 s :  |b Obr.,lit 
500 |a Zameranie: Biochémia a mikrobiológia 
996 |b CD12540  |c C*D12540  |l CCI  |s A  |a 24  |w stu33786_0001